| 003 - NÚMERO DE CONTROL |
| campo de control |
CO-NeUS |
| 005 - FECHA Y HORA DE ACTUALIZACIÓN |
| 005 |
20180209100500.0 |
| 008 - LONGITUD FIJA |
| campo de control de longitud fija |
150410b sp ||||| |||| 00| 0 spn d |
| 020 ## - INTERNATIONAL STANDARD BOOK NUMBER |
| ISBN |
9788476589854 |
| 040 ## - FUENTE DE CATALOGACIÓN |
| Centro catalogador/agencia de origen |
CO-NeUS |
| Lengua de catalogación |
|
| Centro/agencia transcriptor |
CO-NeUS |
| 041 ## - IDIOMA |
| Código de lengua del texto/banda sonora o título independiente |
español |
| 100 ## - AUTOR PERSONAL |
| nombre |
Wagner, Wolfgang |
| 9 (RLIN) |
90387 |
| 245 ## - TÍTULO PROPIAMENTE DICHO |
| título |
El discurso de lo cotidiano y el sentido común |
| subtítulo |
la teoría de las representaciones sociales |
| Mención de responsabilidad, etc. |
Wagner, Wolfgang |
| 250 ## - EDICIÓN |
| edición |
1a edición |
| 264 ## - PIE DE IMPRENTA |
| lugar (ciudad) |
España |
| editorial |
Anthropos |
| fecha |
2011 |
| 300 ## - DESCRIPCIÓN FÍSICA |
| Extensión |
377 páginas |
| Ilustraciones |
Ilustrado |
| Dimensiones |
20 cm. |
| 504 ## - NOTA DE BIBLIOGRAFÍA |
| Bibliografía, etc. |
Incluye referencia bibliográfica, notas a pie de página, índice de figuras y tablas. |
| 505 ## - NOTA DE CONTENIDO |
| Nota de contenido |
Vida cotidiana, conocimiento racionalidad - Introducción a las representaciones sociales - La topografía de la mentalidad moderna - Organización y estructura de las representaciones sociales - La dinámica de las representaciones sociales - Discurso transmisión y universo compartido - Acción, objetivacion y realidad social - Aspectos epistemologicos de la teoría de la representación social - Métodos en investigación de las representaciones sociales - |
| 700 ## - COAUTOR PERSONAL |
| Nombre de persona |
Flores Palacios, Fátima |
| 9 (RLIN) |
43149 |
| 700 ## - COAUTOR PERSONAL |
| Nombre de persona |
Hayes, Nicky |
| 9 (RLIN) |
49070 |
| 082 ## - CLASIFICACIÓN DECIMAL DEWEY |
| edición |
1a edición |
| Clasificación |
302 |
| Clave de autor |
W132d |
| 650 ## - MATERIA GENERAL |
| Término de materia o nombre geográfico como elemento inicial |
Psicologia social |
| 9 (RLIN) |
129459 |
| 650 ## - MATERIA GENERAL |
| Término de materia o nombre geográfico como elemento inicial |
Psicologia de la comunidad |
| 9 (RLIN) |
129384 |
| 650 ## - MATERIA GENERAL |
| Término de materia o nombre geográfico como elemento inicial |
Representaciones sociales |
| 9 (RLIN) |
130373 |
| 650 ## - MATERIA GENERAL |
| Término de materia o nombre geográfico como elemento inicial |
Interaccion social |
| 9 (RLIN) |
113771 |
| 942 ## - PUNTO DE ACCESO ADICIONAL KOHA |
| Tipo de ítem Koha |
Libros |